| 000 -LEADER | |
|---|---|
| fixed length control field | 00395nam a22001697a 4500 |
| 005 - DATE AND TIME OF LATEST TRANSACTION | |
| control field | 20260407165633.0 |
| 008 - FIXED-LENGTH DATA ELEMENTS--GENERAL INFORMATION | |
| fixed length control field | 160627b xxu||||| |||| 00| 0 eng d |
| 020 ## - INTERNATIONAL STANDARD BOOK NUMBER | |
| ISBN | 978-0-671-72365-1 |
| 041 ## - LANGUAGE CODE | |
| Language code of text/sound track or separate title | eng |
| 082 ## - DEWEY DECIMAL CLASSIFICATION NUMBER | |
| Classification number | 158.2 |
| 100 ## - MAIN ENTRY--AUTHOR NAME | |
| Personal name | Dale Carnegie |
| 245 ## - TITLE STATEMENT | |
| Title | How to Win Friends & Influence People |
| 260 ## - PUBLICATION, DISTRIBUTION, ETC. (IMPRINT) | |
| Name of publisher | Poket Books |
| 300 ## - PHYSICAL DESCRIPTION | |
| Number of Pages | 266 |
| 650 ## - SUBJECT ADDED ENTRY--TOPICAL TERM | |
| Topical Term | Management |
| 942 ## - ADDED ENTRY ELEMENTS (KOHA) | |
| Koha item type | Books |
| Lost status | Damaged status | Collection code | Home library | Current library | Shelving location | Date acquired | Full call number | Accession Number | Koha item type |
|---|---|---|---|---|---|---|---|---|---|
| LIFE SKILL | JRU Library | JRU Library | SHELF-103-J | 27/06/2016 | 10348 | 10348 | Books | ||
| LIFE SKILL | JRU Library | JRU Library | SHELF-103-J | 27/06/2016 | 10348 | 10349 | Books | ||
| JRU Library | SHELF-50-A | 27/06/2016 | 10348 | 10350 | Books | ||||
| LIFE SKILL | JRU Library | JRU Library | SHELF-103-J | 27/06/2016 | 10348 | 10351 | Books | ||
| LIFE SKILL | JRU Library | JRU Library | SHELF-101-C | 27/06/2016 | 158.2 | 10352 | Books | ||
| JRU Library | 27/06/2016 | 10348 | 10353 | Books | |||||
| LIFE SKILL | JRU Library | JRU Library | SHELF-103-J | 27/06/2016 | 10348 | 10354 | Books | ||
| LIFE SKILL | JRU Library | JRU Library | SHELF-45-D | 27/06/2016 | 10348 | 10355 | Books | ||
| LIFE SKILL | JRU Library | JRU Library | SHELF-103-J | 27/06/2016 | 10348 | 10356 | Books |